Guess the Billie Eilish Song! (1) - Statistics

General Stats
  • This quiz has been taken 162 times
  • The average score is 110 of 207
Answer Stats
Lryics % Correct
I
98%
i
98%
a
93%
you
93%
You
93%
me
89%
me?
89%
Me
89%
the
87%
When
81%
Do
80%
be?
79%
be
79%
to
75%
your
73%
love
72%
my
72%
know
70%
don't
69%
"Don't
69%
who
69%
I'm
65%
in
65%
can
63%
it
62%
So
61%
so
61%
go
60%
is
60%
You're
60%
you're
60%
But
59%
but
59%
am
57%
for
57%
like
55%
on
54%
could
52%
how
52%
Not
52%
not
52%
it's
49%
did
47%
have
45%
should
44%
think
44%
never
42%
at
41%
just
41%
now
41%
Why
41%
would
41%
said,
40%
said
40%
care
39%
feel
39%
let
39%
Wait
39%
'Cause
37%
guess
37%
minute,
37%
even
36%
listen?
35%
better
34%
finish
33%
lookin'
33%
Da-
32%
da-
32%
da
32%
Da
32%
out
32%
anything?
30%
heart
29%
please
29%
gonna
28%
overdid
26%
really
26%
sorry
26%
best
24%
committed,
24%
came
23%
left
23%
treat
23%
Around
22%
badly"
22%
neck,
21%
chain
20%
missing,
20%
sadly
20%
see-through
20%
hmm
19%
thinking
19%
gladly
18%
Wore
18%
No matching quizzes found
Score Distribution
Percent of People with Each Score
Percentile by Number Answered
Your Score History
You have not taken this quiz